1862 1666 1104 1330 1056 1008 1395 1654 1022 1490 1881 1725 1315 1034 1696 1651 1420 1717 1961 1862 1193 1411 1494 1654 1340 1660 1875 1545 1588 1268 1870 1841 1236 1816 1604 1213 1548 1386 1690 1557 1184 1250 1603 1249 1375 1473 1436 1536 1872 1869 1028 1273 1706 1618 1699 1425 1392 1943 1470 1185 1708 1090 1973 1816 1978 1319 1767 1582 1251 1868 1375 1833 1967 1763 1967 1281 1606 1819 1998 1422 1320 1981 1333 1558 1763 1533 1718 1906 1141 1121 1615 1784 1775 1799 1237 1747 1962 1644 1290 BCNSPRNW ULIB Ver.6.0+V

เปลี่ยนเป็นภาษาไทย

Change to English
 แสดงรายละเอียดบรรณานุกรม
  กลับหน้าหลัก

Brief Record : Get Marc (ISO 2709) : E-mail record : QR code < ปิดหน้าต่าง
LEADER : 00000nam 2200000uu 4500
001    13399112464
003     ULIB
008    110817s2548||||th 000 0 tha d
020    9749666747
020    9789749666746
050  4 HN700^bอ199ก 2548
100 0  อนุรักษ์ ปัญญานุวัฒน์
245 10 การศึกษาชุมชนเชิงพหุลักษณ์ :^bบทเรียนจากวิจัยภาคสนาม /^cอนุรักษ์ ปัญญานุวัฒน์
260    กรุงเทพฯ :^bโครงการเสริมสร้างการเรียนรู้เพื่อชุมชนเป็นสุข(สรส.),^c2548
300    (12), 221 หน้า :^bภาพประกอบ ;^c21 ซม.
650  4 ชุมชน^xวิจัย
650  4 การพัฒนาชุมชน^xวิจัย
650  4 การศึกษาชุมชน
710 2  โครงการเสริมสร้างการเรียนรู้เพื่อชุมชนเป็นสุข (สรส.)
710 2  โครงการวิจัยกระบวนการเรียนรู้และการจัดการความรู้ของชุมขน
710 2  สำนักงานกองทุนสนับสนุนการสร้างเสริมสุขภาพ (สสส.)
710 2  สำนักงานกองทุนสนับสนุนการวิจัย
945    ^p150^l0^i019002
995    ทศพร
999 ^a ทศพร
รายการนี้ยังไม่มีแท็ก
คุณยังไม่ได้ล็อกอิน คุณสามารถมีกิจกรรมร่วมกับเว็บไซต์ได้ แต่ต้องล็อกอินก่อน ::
  ล็อกอิน

รายการสื่อสารสนเทศ

ลำดับที่ ประเภท เลขเรียก/บาร์โค้ด สถานที่ สถานะ
- ไม่พบข้อมูล -

รายการใกล้เคียง
    หัวเรื่อง [การศึกษาชุมชน]

BibComment


ยังไม่เคยถูกคอมเมนท์

คอมเมนท์ทรัพยากรรายการนี้
  คอมเมนท์: การศึกษาชุมชนเชิง..


 Copyright 2026. Bcnsprnw @Library